<?xml version="1.0" encoding="UTF-8"?>
<record
    xmlns:xsi="http://www.w3.org/2001/XMLSchema-instance"
    xsi:schemaLocation="http://www.loc.gov/MARC21/slim http://www.loc.gov/standards/marcxml/schema/MARC21slim.xsd"
    xmlns="http://www.loc.gov/MARC21/slim">

  <leader>00982nam0a22002651  4500</leader>
  <controlfield tag="001">rc\2247148</controlfield>
  <controlfield tag="005">20250623070056.0</controlfield>
  <datafield tag="035" ind1=" " ind2=" ">
    <subfield code="a">(NLR Aleph) 006651832</subfield>
  </datafield>
  <datafield tag="090" ind1=" " ind2=" ">
    <subfield code="a">4802398</subfield>
    <subfield code="c">4802398</subfield>
  </datafield>
  <datafield tag="100" ind1=" " ind2=" ">
    <subfield code="a">20110829d1979    |||y0rusy50      ca</subfield>
  </datafield>
  <datafield tag="101" ind1="0" ind2=" ">
    <subfield code="a">rus</subfield>
  </datafield>
  <datafield tag="102" ind1=" " ind2=" ">
    <subfield code="a">RU</subfield>
  </datafield>
  <datafield tag="105" ind1=" " ind2=" ">
    <subfield code="a">a   z   |||||</subfield>
  </datafield>
  <datafield tag="200" ind1="1" ind2=" ">
    <subfield code="a">&#x410;&#x43B;&#x433;&#x43E;&#x440;&#x438;&#x442;&#x43C; &#x432;&#x44B;&#x431;&#x43E;&#x440;&#x430; &#x43E;&#x43F;&#x442;&#x438;&#x43C;&#x430;&#x43B;&#x44C;&#x43D;&#x44B;&#x445; &#x43F;&#x430;&#x440;&#x430;&#x43C;&#x435;&#x442;&#x440;&#x43E;&#x432; &#x441;&#x432;&#x435;&#x440;&#x445;&#x43F;&#x440;&#x43E;&#x432;&#x43E;&#x434;&#x44F;&#x449;&#x435;&#x439; &#x43E;&#x431;&#x43C;&#x43E;&#x442;&#x43A;&#x438; &#x432;&#x43E;&#x437;&#x431;&#x443;&#x436;&#x434;&#x435;&#x43D;&#x438;&#x44F; &#x43A;&#x440;&#x438;&#x43E;&#x433;&#x435;&#x43D;&#x43D;&#x43E;&#x439; &#x441;&#x438;&#x43D;&#x445;&#x440;&#x43E;&#x43D;&#x43D;&#x43E;&#x439; &#x43C;&#x430;&#x448;&#x438;&#x43D;&#x44B;</subfield>
  </datafield>
  <datafield tag="210" ind1=" " ind2=" ">
    <subfield code="a">&#x425;&#x430;&#x440;&#x44C;&#x43A;&#x43E;&#x432;</subfield>
    <subfield code="c">&#x424;&#x422;&#x418;&#x41D;&#x422;</subfield>
    <subfield code="d">1979</subfield>
  </datafield>
  <datafield tag="215" ind1=" " ind2=" ">
    <subfield code="a">18 &#x441;.</subfield>
    <subfield code="c">&#x438;&#x43B;.</subfield>
    <subfield code="d">21</subfield>
  </datafield>
  <datafield tag="225" ind1="1" ind2=" ">
    <subfield code="a">&#x41F;&#x440;&#x435;&#x43F;&#x440;&#x438;&#x43D;&#x442;</subfield>
    <subfield code="f">&#x410;&#x41D; &#x423;&#x421;&#x421;&#x420;, &#x424;&#x438;&#x437;.-&#x442;&#x435;&#x445;&#x43D;. &#x438;&#x43D;-&#x442; &#x43D;&#x438;&#x437;&#x43A;&#x438;&#x445; &#x442;&#x435;&#x43C;&#x43F;&#x435;&#x440;&#x430;&#x442;&#x443;&#x440;</subfield>
    <subfield code="v">5</subfield>
  </datafield>
  <datafield tag="320" ind1=" " ind2=" ">
    <subfield code="a">&#x411;&#x438;&#x431;&#x43B;&#x438;&#x43E;&#x433;&#x440;.: &#x441;. 17-18</subfield>
  </datafield>
  <datafield tag="700" ind1=" " ind2="1">
    <subfield code="a">&#x413;&#x430;&#x432;&#x440;&#x438;&#x43B;&#x43E;&#x432;</subfield>
    <subfield code="b">&#x420;.&#x412;.</subfield>
    <subfield code="g">&#x420;&#x43E;&#x43B;&#x430;&#x43D;&#x434; &#x412;&#x43B;&#x430;&#x434;&#x438;&#x43C;&#x438;&#x440;&#x43E;&#x432;&#x438;&#x447;</subfield>
  </datafield>
  <datafield tag="801" ind1=" " ind2="0">
    <subfield code="a">RU</subfield>
    <subfield code="b">NLR</subfield>
    <subfield code="g">psbo</subfield>
  </datafield>
  <datafield tag="801" ind1=" " ind2="1">
    <subfield code="a">RU</subfield>
    <subfield code="b">ELAR</subfield>
    <subfield code="2">rusmarc</subfield>
  </datafield>
  <datafield tag="852" ind1=" " ind2=" ">
    <subfield code="a">NLR</subfield>
    <subfield code="j">79-4/20324</subfield>
  </datafield>
  <datafield tag="899" ind1=" " ind2=" ">
    <subfield code="a">RuMoRGB</subfield>
    <subfield code="j">&#x411; 77-35/248</subfield>
  </datafield>
  <datafield tag="942" ind1=" " ind2=" ">
    <subfield code="c">BOOK</subfield>
  </datafield>
  <datafield tag="980" ind1=" " ind2=" ">
    <subfield code="a">NB</subfield>
  </datafield>
  <datafield tag="995" ind1=" " ind2=" ">
    <subfield code="5">2013-10-26</subfield>
    <subfield code="b">NLR01</subfield>
    <subfield code="c">NLR01</subfield>
    <subfield code="e">RF9</subfield>
    <subfield code="f">6651832-10</subfield>
    <subfield code="k">79-4/20324</subfield>
    <subfield code="o">0</subfield>
    <subfield code="r">BOOK</subfield>
    <subfield code="s">79420324_</subfield>
  </datafield>
</record>
